01267pab a2200181 454500008004000000100002600040245009500066260000900161300001300170362001100183520070100194650001400895773003400909908000600943909001100949999001900960952010600979180718b2014 xxu||||| |||| 00| 0 eng d aBardhan, Pranab et al aChanging voting patterns in rural West Bengal : role of clientelism and local public goods c2014 ap.54-62. a15 Mar aThis paper uses two successive rounds of voter surveys in rural West Bengal in a household panel to find reasons for the recent decline in the Left Front's political popularity. It does not find evidence of any significant role of changes in voter age distribution, media exposure, private benefits received from development and welfare programmes administered by local governments, or the vote-generating effectiveness of such programmes. A more important role was played by voter dissatisfaction with local leaders on corruption and lack of involvement in the provision of education services, and with non-local leaders on attitudes towards women, the poor, and local communities. - Reproduced. aElections aEconomic and Political Weekly aN a103505 c103501d103501 00104070aIIPAbIIPAd2018-07-19hVolume no: 49, Issue no: 11pAR103965r2018-07-19w2018-07-19yAR